Ideals and Realities of Islam (Record no. 196050)

000 -LEADER
fixed length control field 00695 a2200169 4500
003 - CONTROL NUMBER IDENTIFIER
control field Nust
005 - DATE AND TIME OF LATEST TRANSACTION
control field 20221221112843.0
040 ## - CATALOGING SOURCE
Transcribing agency Nust
082 ## - DEWEY DECIMAL CLASSIFICATION NUMBER
Classification number 181.07, NAS
100 ## - MAIN ENTRY--PERSONAL NAME
Personal name Nasr,Seyyed Hossein
9 (RLIN) 181
245 ## - TITLE STATEMENT
Title Ideals and Realities of Islam
Remainder of title Realities of Islam
Statement of responsibility, etc. Seyyed Hossein Nasr
260 ## - PUBLICATION, DISTRIBUTION, ETC.
Place of publication, distribution, etc. London
Name of publisher, distributor, etc. George Allen & Unwin LTD
Date of publication, distribution, etc. 1978
300 ## - PHYSICAL DESCRIPTION
Extent 183 p.;
505 ## - FORMATTED CONTENTS NOTE
Formatted contents note Introduction (Page-7), Islam, The Last Verligion and the Primordial Religion (Page-15), The Quran (Page-41), The Prophet and Prohetic Tradition (Page-67), The Shariah (Page-94), The Tariqah,The Spiritual Path and its Quranic Roots (Page-121), Sunnismand Shi ism (page-147).
650 ## - SUBJECT ADDED ENTRY--TOPICAL TERM
Topical term or geographic name entry element Islam
942 ## - ADDED ENTRY ELEMENTS (KOHA)
Source of classification or shelving scheme
Koha item type Book
Holdings
Withdrawn status Lost status Source of classification or shelving scheme Damaged status Not for loan Permanent Location Current Location Shelving location Date acquired Full call number Barcode Date last seen Price effective from Koha item type Public note
          Military College of Signals (MCS) Military College of Signals (MCS) General Stacks 12/12/2016 181.07,NAS MCS36778 12/08/2016 12/12/2016 Book Almirah No.46, Shelf No.5
© 2023 Central Library, National University of Sciences and Technology. All Rights Reserved.